000 00566nam a2200205Ia 4500
005 20250425160653.0
008 250425s9999 xx 000 0 und d
041 _aeng
082 _a880
100 _aCHAMBERLAIN, ELINOR
245 0 _aAMERICAN LITERARY CLASSICS O. AMERICAN SCENES
250 _aS.E.
260 _aEstados Unidos
_bA LADDER
_c1985
260 _aWASHINGTON
300 _a59
500 _afor students of english as a foreing or second language o. henrys american sciences
650 _aLITERATURA CLASICA
942 _c01
010 _a1931
999 _c193802
_d193802